01293na a2200301 450000100060000000300080000600500170001400800410003102000150007203500100008704000250009704100080012208200270013009000250015711100470018224501310022924600320036026000270039230000250041949000410044450502210048561000610070665000380076765000510080594200130085695201070086999900150097618616MIRAKIL20181213154845.0161122b tu 000 0  a9759261804 a18616 aMilasbturcTR-AnCHP atur a362.9561 bÇ79i 2002 a362.9561 Ç79i 2002 aÇözüm Arama Konferansları 1-2d2002 aİşsizlik sigortası, zorunlu istihdam uygulamaları ve ssk mevzuatından kaynaklanan sorunlarbYapı denetim uygulamaları aYapı denetim uygulamaları aAnkara bİNTESc2002 a92 s.bres.;c28 sm. aİnşaat Sanayii yayınlarıvno:2 aİçindekiler: 1. konferans İşsizlik sigortası, zorunlu istihdam uygulamaları ve SSK mevzuatından kaynaklanan sorunlar, Ankara 19 Şubat 2002 - 2. konferans Yapı denetimi uygulamaları, Ankara 18 Mart 2002 aTürkiye İnşaat Sanayicileri İşveren Sendikası aİşsizlik sigortasıxSorunlar aYapı denetimi hukukuvkonferanslaryTürkiye 2ddccBKS a0001b0001d2016-11-22e2l0o362.9561 Ç79i 2002p009942r2016-11-22 00:00:00v0.00w2016-11-22yBKS c2089d2089